000 00419nam a22001697a 4500
003 NUST - PNEC
005 20170116180931.0
008 150905b xxu||||| |||| 00| 0 eng d
020 _a0070014701
040 _cLIBRARY
082 _a621.367 AWC
100 _98284
_aAwcock, G. J.
245 _aApplied image processing
_cG. J. Awcock
260 _cc.1996
650 _98285
_aImage Processing
_xEE
942 _2ddc
_cBK
999 _c65924
_d65924